All Lana Del Rey songs - Statistics

General Stats
  • This quiz has been taken 422 times
  • The average score is 78 of 124
Answer Stats
Album Track # Answer % Correct
Born To Die 1 Born To Die
99%
Norman Fucking Rockwell 1 Norman fucking Rockwell
92%
Ultraviolence 2 Ultraviolence
92%
Chemtrails Over The Country Club 2 Chemtrails Over The Country Club
88%
Blue Banisters 2 Blue Banisters
87%
Honeymoon 1 Honeymoon
87%
Lust For Life 2 Lust For Life (with The Weeknd)
84%
Born To Die 4 Video Games
84%
Paradise 1 Ride
83%
Born To Die 11 Summertime Sadness
83%
Born To Die 3 Blue Jeans - Remastered 2011
82%
Lust For Life 4 Cherry
80%
Paradise 3 Cola
80%
Born To Die 14 Lolita
80%
Lust For Life 1 Love
80%
Ultraviolence 5 West Coast
79%
Ultraviolence 4 Brooklyn Baby
78%
Born To Die 9 Carmen
77%
Born To Die 5 Diet Mountain Dew
77%
Ultraviolence 6 Sad Girl
77%
Norman Fucking Rockwell 3 Venice Bitch
77%
Honeymoon 7 Art Deco
76%
Born To Die 2 Off To The Races
76%
Honeymoon 10 Salvatore
76%
Did you know that there's a tunnel under Ocean Blvd 2 Did you know that there's a tunnel under Ocean Blvd
75%
Born To Die 6 National Anthem
75%
Born To Die 8 Radio
75%
Paradise 7 Yayo
74%
Born To Die 7 Dark Paradise
73%
Norman Fucking Rockwell 5 Doin' Time
72%
Norman Fucking Rockwell 13 Happiness is a butterfly
72%
Ultraviolence 3 Shades Of Cool
72%
Ultraviolence 12 Black Beauty
71%
Norman Fucking Rockwell 7 Cinnamon Girl
71%
Honeymoon 6 Freak
71%
Paradise 2 American
70%
Norman Fucking Rockwell 2 Mariners Apartment Complex
70%
Ultraviolence 7 Pretty When You Cry
70%
Honeymoon 13 Swan Song
70%
Chemtrails Over The Country Club 1 White Dress
70%
Honeymoon 12 24
69%
Ultraviolence 1 Cruel World
69%
Ultraviolence 9 Fucked My Way Up To The Top
69%
Did you know that there's a tunnel under Ocean Blvd 13 Margaret (feat. Bleachers)
69%
Ultraviolence 11 The Other Woman
69%
Paradise 8 Bel Air
68%
Ultraviolence 14 Florida Kilos
68%
Paradise 6 Gods & Monsters
68%
Born To Die 10 Million Dollar Man
68%
Honeymoon 2 Music To Watch Boys To
68%
Born To Die 12 This Is What Makes Us Girls
68%
Ultraviolence 13 Guns And Roses
67%
Did you know that there's a tunnel under Ocean Blvd 4 A&W
66%
Paradise 4 Body Electric
66%
Lust For Life 16 Get Free
66%
Honeymoon 5 High By The Beach
66%
Ultraviolence 10 Old Money
66%
Lust For Life 5 White Mustang
66%
Born To Die 13 Without You
66%
Norman Fucking Rockwell 12 Bartender
65%
Blue Banisters 7 Beautiful
65%
Norman Fucking Rockwell 14 Hope is a dangerous thing for a woman like me to have - but I have it
64%
Did you know that there's a tunnel under Ocean Blvd 3 Sweet
64%
Did you know that there's a tunnel under Ocean Blvd 1 The Grants
64%
Norman Fucking Rockwell 11 The greatest
64%
Norman Fucking Rockwell 9 California
63%
Did you know that there's a tunnel under Ocean Blvd 12 Let The Light In (feat. Father John Misty)
62%
Norman Fucking Rockwell 6 Love song
62%
Ultraviolence 8 Money Power Glory
62%
Norman Fucking Rockwell 10 The Next Best American Record
62%
Paradise 5 Blue Velvet
61%
Honeymoon 9 Religion
61%
Lust For Life 3 13 Beaches
60%
Paradise 9 Burning Desire
60%
Did you know that there's a tunnel under Ocean Blvd 15 Peppers (feat. Tommy Genesis)
60%
Blue Banisters 1 Text Book
60%
Lust For Life 12 Beautiful People Beautiful Problems (feat. Stevie Nicks)
58%
Did you know that there's a tunnel under Ocean Blvd 6 Candy Necklace (feat. Jon Batiste)
58%
Blue Banisters 9 Dealer
58%
Norman Fucking Rockwell 4 Fuck it I love you
58%
Lust For Life 14 Heroin
58%
Born To Die 15 Lucky Ones
58%
Blue Banisters 3 Arcadia
57%
Lust For Life 7 Groupie Love (feat. A$AP Rocky)
57%
Lust For Life 6 Summer Bummer (feat. A$AP Rocky & Playboi Carti)
57%
Chemtrails Over The Country Club 3 Tulsa Jesus Freak
57%
Did you know that there's a tunnel under Ocean Blvd 14 Fishtail
56%
Honeymoon 11 The Blackest Day
55%
Blue Banisters 5 Black Bathing Suit
54%
Did you know that there's a tunnel under Ocean Blvd 10 Paris, Texas (feat. SYML)
54%
Honeymoon 14 Don't Let Me Be Misunderstood
53%
Norman Fucking Rockwell 8 How to disappear
53%
Did you know that there's a tunnel under Ocean Blvd 16 Taco Truck x VB
53%
Honeymoon 3 Terrence Loves You
53%
Lust For Life 15 Change
51%
Did you know that there's a tunnel under Ocean Blvd 8 Kintsugi
51%
Blue Banisters 15 Sweet Carolina
50%
Blue Banisters 10 Thunder
50%
Chemtrails Over The Country Club 8 Yosemite
50%
Honeymoon 4 God Knows I Tried
49%
Blue Banisters 13 LIving Legend
49%
Lust For Life 13 Tomorrow Never Came (feat Sean Ono Lennon)
49%
Blue Banisters 14 Cherry Blossom
48%
Did you know that there's a tunnel under Ocean Blvd 9 Fingertips
47%
Red (Taylor's Version) 11 When The World Was At War We Kept Dancing
47%
Lust For Life 10 God Bless America - And All The Beautiful Women In It
46%
Blue Banisters 6 If You Lie Down With Me
45%
Lust For Life 8 In My Feelings
45%
Chemtrails Over The Country Club 4 Let Me Love You Like A Woman
45%
Lust For Life 9 Coachella - Woddstock In My Mind
44%
Chemtrails Over The Country Club 11 For Free
44%
Blue Banisters 12 Nectar Of The Gods
43%
Chemtrails Over The Country Club 6 Dark But Just A Game
42%
Did you know that there's a tunnel under Ocean Blvd 11 Grandfather please stand on the shoulders of my father while he's deep-sea fishing (feat. RIOPY)
41%
Chemtrails Over The Country Club 10 Dance Till We Die
40%
Blue Banisters 8 Violets For Roses
40%
Chemtrails Over The Country Club 9 Breaking Up Slowly
39%
Blue Banisters 11 Wildflower WIldfire
39%
Chemtrails Over The Country Club 5 Wild At Heart
38%
Honeymoon 8 Burnt Norton - Interlude
37%
Did you know that there's a tunnel under Ocean Blvd 7 Jon Batiste Interlude
35%
Did you know that there's a tunnel under Ocean Blvd 5 Judah Smith Interlude
35%
Chemtrails Over The Country Club 7 Not All Who Wander Are Lost
34%
Blue Banisters 4 Interlude - The Trio
31%
No matching quizzes found
Score Distribution
Percent of People with Each Score
Percentile by Number Answered
Your Score History
You have not taken this quiz